|
|
|
|
| LEADER |
00000cam a2200000 7i4500 |
| 001 |
0000023488 |
| 005 |
20080924.0 |
| 008 |
080915 |
| 020 |
|
|
|a 9833698707
|
| 090 |
0 |
0 |
|a 959.5119
|b ABD
|
| 100 |
1 |
|
|a Abdul Ghani Othman, Dato'
|
| 245 |
1 |
0 |
|a Abdul Ghani Othman :
|b pembangunan holistik: dimensi kebudayaan
|c Abdul Ghani Othman
|
| 260 |
|
|
|a Selangor :
|b MPH Group Publishing ,
|c 2008
|
| 650 |
|
0 |
|a Abdul Ghani Othman, Dato'
|
| 650 |
|
0 |
|a Culture
|z Johor
|z Pontian
|
| 650 |
|
0 |
|a Johor
|x social life and customs
|
| 650 |
|
0 |
|a Speeches, addresses, etc.
|x Malay
|
| 700 |
1 |
|
|a Zainal Abidin Borhan
|
| 700 |
1 |
|
|a Zam Ismail
|
| 999 |
|
|
|a 0001036365
|b Book
|c Adult Collection
|e Cawangan Urban Transformation Centre
|
| 999 |
|
|
|a 0001036366
|b Book
|c REFERENCE
|e Perbadanan Perpustakaan Awam Johor
|
| 999 |
|
|
|a 0001036411
|b Book
|c REFERENCE
|e Perbadanan Perpustakaan Awam Johor
|
| 999 |
|
|
|a 0001036871
|b Book
|c REFERENCE
|e Perbadanan Perpustakaan Awam Johor
|
| 999 |
|
|
|a 0001036872
|b Book
|c REFERENCE
|e Perbadanan Perpustakaan Awam Johor
|
| 999 |
|
|
|a 0001137173
|b Book
|c Adult Collection
|e Cawangan Segamat
|